[Event "North Urals Cup Women's Tournament 2007"]
[Site "Krasnoturinsk RUS"]
[Date "2007.07.29"]
[Round "7.5"]
[White "Zhu Chen"]
[Black "Paehtz, Elisabeth"]
[Result "1/2-1/2"]
[WhiteElo "2522"]
[BlackElo "2457"]
[PlyCount "100"]
[EventDate "2007.07.22"]
[EventType "tourn"]
[EventRounds "9"]
[EventCountry "RUS"]
[Source "lmi"]
[SourceDate "2007.07.22"]

1. d4 e6 2. c4 Bb4+ 3. Nd2 Nf6 4. Ngf3 b6 5. a3 Bxd2+ 6. Qxd2 Bb7 7. e3 O-O 8.
Be2 Ne4 9. Qc2 f5 10. O-O Rf6 11. Rd1 d6 12. d5 c5 13. Nd2 Ng5 14. f4 Nf7 15.
e4 exd5 16. cxd5 Qe7 17. Bf3 Rh6 18. g3 Nd7 19. exf5 Qe3+ 20. Kg2 Bxd5 21. Ne4
Rxh2+ 22. Kxh2 Qxf3 23. Rxd5 Re8 24. Qg2 Qxe4 25. Qxe4 Rxe4 26. b4 Nf6 27. Rd2
h5 28. bxc5 dxc5 29. a4 Nh6 30. a5 Nxf5 31. a6 Nd4 32. Kh3 Kh7 33. Ra3 Ng4 34.
Bb2 Re1 35. Kg2 Nf5 36. Rad3 Nfe3+ 37. Kf3 Rf1+ 38. Ke4 Nc4 39. Kd5 Nxd2 40.
Rxd2 Ne3+ 41. Kc6 Nc4 42. Rc2 Na5+ 43. Kc7 Re1 44. Bc3 Rb1 45. Bxa5 bxa5 46.
Rxc5 Kh6 47. Rxa5 Rb6 48. Kc8 g6 49. Kc7 Kg7 50. Kc8 Kh6 1/2-1/2

[Event "North Urals Cup Women's Tournament 2007"]
[Site "Krasnoturinsk RUS"]
[Date "2007.07.30"]
[Round "8.1"]
[White "Galliamova, Alisa"]
[Black "Paehtz, Elisabeth"]
[Result "1-0"]
[WhiteElo "2468"]
[BlackElo "2457"]
[PlyCount "153"]
[EventDate "2007.07.22"]
[EventType "tourn"]
[EventRounds "9"]
[EventCountry "RUS"]
[Source "lmi"]
[SourceDate "2007.07.22"]

1. c4 e6 2. g3 Nf6 3. Bg2 d5 4. Nf3 Nbd7 5. b3 a5 6. O-O Be7 7. Bb2 c6 8. cxd5
exd5 9. Nd4 Nc5 10. Qc2 O-O 11. Nf5 Bxf5 12. Qxf5 Qb6 13. Bd4 a4 14. bxa4 Rxa4
15. e3 Qa6 16. Nc3 Ra5 17. Rab1 Ne6 18. Bb6 Ra3 19. Rfe1 Nd7 20. Bf1 Qa8 21.
Bd4 b5 22. Bh3 g6 23. Qf3 f5 24. g4 Ng5 25. Qg3 c5 26. Bg2 Ne4 27. Bxe4 fxe4
28. Nxb5 cxd4 29. Nxa3 Bxa3 30. exd4 Qa6 31. d3 Bd6 32. Qe3 Bf4 33. Qh3 Qxd3
34. Rb3 Qxd4 35. Rb7 Bg5 36. Rf1 Rf3 37. Qg2 Ne5 38. Rb8+ Kg7 39. Rb7+ Rf7 40.
Rxf7+ Kxf7 41. Qg3 Nf3+ 42. Kg2 Qd3 43. a4 Nh4+ 44. Kg1 Qxg3+ 45. hxg3 Nf3+ 46.
Kg2 Bd2 47. Rb1 Ke6 48. Rb7 d4 49. Rb5 Kd6 50. a5 Kc6 51. a6 Kxb5 52. a7 Kc4
53. a8=Q Kd3 54. Qa6+ Kc2 55. Qa2+ Kc3 56. Qa3+ Kc2 57. Qa4+ Kd3 58. Qb3+ Ke2
59. Qc4+ Kd1 60. Qc6 Ne1+ 61. Kf1 e3 62. fxe3 dxe3 63. Qc4 Nc2 64. Qe2+ Kc1 65.
g5 Nd4 66. Qc4+ Kd1 67. Qa4+ Nc2 68. Qg4+ Kc1 69. Ke2 Kb2 70. Qd7 Kc3 71. Qc7+
Kb2 72. Qxh7 Nd4+ 73. Kd3 Kc1 74. Qh1+ Kb2 75. Qb7+ Kc1 76. Qa7 Bc3 77. Qc5 1-0